Tragicomèdia pastoral d'amor, firmesa i porfia. Lo desengany : poema dramàtic / Francesc Fontanella ; edició crítica a cura de Maria Mercè Miró ; pròleg de Joaquim Molas poema dramàtic / Francesc Fontanella ; edició crítica a cura de Maria Mercè Miró ; pròleg de Joaquim Molas
Descripción Física:
262 p. ; 24 cm
Colección:
Col·lecció estudis ; 3
MARC
| LEADER | 00000nam a2200000Ia 4500 | ||
|---|---|---|---|
| 001 | 7896 | ||
| 008 | 160829s1988 xx 000 0 cat d | ||
| 080 | |a L-1-52 | ||
| 100 | |a Fontanella, Francesc |9 22493 | ||
| 245 | |a Tragicomèdia pastoral d'amor, firmesa i porfia. Lo desengany : |b poema dramàtic / Francesc Fontanella ; edició crítica a cura de Maria Mercè Miró ; pròleg de Joaquim Molas | ||
| 260 | |a Barcelona : |b Diputació de Barcelona, Institut del Teatre, |c 1988 | ||
| 300 | |a 262 p. ; |c 24 cm | ||
| 490 | |a Col·lecció estudis ; 3 | ||
| 700 | |a Miró, Maria Mercè, ed. |9 22494 |e editor | ||
| 700 | |a Molas, Joaquim, |d 1930-2015 |e escriptor del pròleg |9 37692 | ||
| 710 | 1 | |a Institut del Teatre (Barcelona, Catalunya) |9 52662 | |
| 901 | |a Arxiu | ||
| 942 | |n 1 |2 udc | ||
| 952 | |0 0 |1 0 |4 0 |6 L152 |7 1 |9 42239 |a Arxiu |b Arxiu |d 2016-12-01 |l 0 |o L-1-52 |p 7896 |r 2016-12-01 00:00:00 |w 2016-12-01 |y ARXIU | ||
| 999 | |c 44686 |d 44686 | ||